Фильмы с Элайджей Вудом - Армагеддон - Statistics

General Stats
  • This quiz has been taken 10 times
  • The average score is 5 of 15
Answers on the Grid
Answers color-coded by a green-red scale on the quiz's grid according to % correct below.
Быть Джоном Малковичем
Алиса в Зазеркалье
Маньяк
Семнадцатилетние
Субурбикон
Убить Смучи
Гранд-Пиано
Атомная блондинка
Крупная рыба
Факультет
Детективное агентство Дирка Джентли
Школа негодяев
Иди к папочке
Убийства в Оксфорде
Из Парижа с любовью
Место среди сосен
Дети шпионов 3
Тонкая красная линия
Не стучи дважды
Город грехов
Уилфред
Робот по имени Чаппи
Открытые окна
Норт
Токсичный мститель
Варкарфт
Хокинг
Вечное сияние чистого разума
Суд над чикагской семёркой
И всё осветилось
 
Answer Stats
Answer % Correct
Факультет
60%
Убийства в Оксфорде
60%
Город грехов
60%
Дети шпионов 3
60%
Маньяк
50%
Семнадцатилетние
40%
Детективное агентство Дирка Джентли
30%
Уилфред
30%
Норт
30%
И всё осветилось
30%
Открытые окна
20%
Вечное сияние чистого разума
20%
Гранд-Пиано
10%
Иди к папочке
10%
Токсичный мститель
10%
No matching quizzes found
Score Distribution
Percent of People with Each Score
Percentile by Number Answered
Your Score History
You have not taken this quiz